مكتبة جامعة عجلون الوطنية

فهرس بحث المكتبة

Normal view MARC view
  • الرواي،حازم عبد القهار

Entry Personal Name

Number of records used in: 1

001 - CONTROL NUMBER

  • control field: 10516

003 - CONTROL NUMBER IDENTIFIER

  • control field: JO-AjAnu

005 - DATE AND TIME OF LATEST TRANSACTION

  • control field: 20230606072004.0

008 - FIXED-LENGTH DATA ELEMENTS

  • fixed length control field: 230606|| aca||aabn | a|a d

040 ## - CATALOGING SOURCE

  • Original cataloging agency: JO-AjAnu
  • Transcribing agency: JO-AjAnu

100 ## - HEADING--PERSONAL NAME

  • Personal name: الرواي،حازم عبد القهار

670 ## - SOURCE DATA FOUND

  • Source citation: Work cat.: (JO-AjAnu)5413: الرواي،حازم عبد القهار, author, الروح المعنوية للجيش العربي الاسلامي في صدر الاسلام